|
|
|
|
| LEADER |
00000nam0a2200000 4500 |
| 001 |
196373 |
| 005 |
20231101224704.0 |
| 035 |
|
|
|a (RuTPU)RU\TPU\book\214235
|
| 090 |
|
|
|a 196373
|
| 100 |
|
|
|a 20110523d1909 u y0rusy50 ca
|
| 101 |
0 |
|
|a rus
|
| 102 |
|
|
|a RU
|
| 105 |
|
|
|a af z 000zy
|
| 200 |
1 |
|
|a Графическое построение тепловых диаграмм машин внутреннего горения
|f В. Л. Малеев
|g Томский технологический институт
|
| 210 |
|
|
|a Томск
|c Паровая типография Н. И. Орловой
|d 1909
|
| 215 |
|
|
|a 24 с.
|c диагр.
|
| 606 |
1 |
|
|a Машиностроительное черчение
|2 stltpush
|3 (RuTPU)RU\TPU\subj\41536
|9 61326
|
| 610 |
1 |
|
|a труды учёных ТПУ
|
| 610 |
1 |
|
|a двигатели внутреннего сгорания
|
| 610 |
1 |
|
|a коллекция ТПУ
|
| 610 |
1 |
|
|a энтропийные диаграммы
|
| 610 |
1 |
|
|a уравнения
|
| 610 |
1 |
|
|a четырехтактные двигатели
|
| 610 |
1 |
|
|a двухтактные двигатели
|
| 610 |
1 |
|
|a температура
|
| 610 |
1 |
|
|a кривые
|
| 610 |
1 |
|
|a графики
|
| 610 |
1 |
|
|a температура горения
|
| 610 |
1 |
|
|a термодинамика
|
| 675 |
|
|
|a 744:621
|v 3
|
| 700 |
|
1 |
|a Малеев
|b В. Л.
|c российский инженер-механик
|c профессор ТТИ (1906-1918)
|f 1879-?
|g Владимир Леонидович
|2 stltpush
|3 (RuTPU)RU\TPU\pers\21839
|9 9178
|
| 712 |
0 |
2 |
|a Томский технологический институт
|c (1896-1923)
|2 stltpush
|3 (RuTPU)RU\TPU\col\9244
|9 24666
|
| 801 |
|
1 |
|a RU
|b 63413507
|c 20110523
|
| 801 |
|
2 |
|a RU
|b 63413507
|c 20191204
|g RCR
|
| 942 |
|
|
|c BK
|